000 00674nam a22001817a 4500
005 20240703162910.0
010 _aENG-140747
020 _c1895.00
_a9788195577552
035 _aEN-124279
037 _bDBAD
082 _a664.7
100 _aChattopadhyay, P. K.
_968074
245 _aHandbook on Maize (Corn) Processing and Manufacture of Maize Products/
_cP. K. Chattopadhyay
260 _aDelhi
_bNiir Project Consultancy Services
_c2019
270 _bDelhi
_a106-E, Opp. Spark Mall, Kamla Nagar
_e110007
_k01123842955
_k01123845886
_k08800733955
_mnpcs.india@gmail.com
_minfo@niir.org
300 _axix, 484p.
_c21cm (pb)
942 _2ddc
_cEN
_h664.7
_mCHA
999 _c203921
_d203921